000050505 001__ 50505
000050505 005__ 20230317221034.0
000050505 0247_ $$2doi$$a10.1109/TNS.1985.4333774
000050505 0247_ $$2ISSN$$a1558-1578
000050505 0247_ $$2ISSN$$a0018-9499
000050505 0247_ $$2WOS$$aWOS:A1985G933200120
000050505 037__ $$aGSI-2013-02130
000050505 041__ $$aEnglish
000050505 082__ $$a620
000050505 1001_ $$0P:(DE-Ds200)OR0644$$aKrause, Udo$$b0$$eCorresponding author$$ugsi
000050505 245__ $$aBeam Diagnostics by X-Ray Spectroscopy at the UNILAC
000050505 260__ $$aNew York, NY$$bIEEE$$c1985
000050505 3367_ $$0PUB:(DE-HGF)16$$2PUB:(DE-HGF)$$aJournal Article$$bjournal$$mjournal$$s1365766381_20148
000050505 3367_ $$2DRIVER$$aarticle
000050505 3367_ $$2BibTeX$$aARTICLE
000050505 3367_ $$00$$2EndNote$$aJournal Article
000050505 536__ $$0G:(DE-HGF)POF2-899$$a899 - ohne Topic (POF2-899)$$cPOF2-899$$fPOF I$$x0
000050505 588__ $$aDataset connected to CrossRef, repository.gsi.de
000050505 773__ $$0PERI:(DE-600)2025398-9$$a10.1109/TNS.1985.4333774$$gVol. 32, no. 5, p. 1941 - 1943$$n5$$p1941 - 1943$$tIEEE transactions on nuclear science$$v32$$x0018-9499
000050505 909CO $$ooai:repository.gsi.de:50505$$pVDB
000050505 9101_ $$0I:(DE-Ds200)20121206GSI$$6P:(DE-Ds200)OR0644$$aGSI Helmholtzzentrum für Schwerionenforschung GmbH$$b0$$kGSI
000050505 9131_ $$0G:(DE-HGF)POF2-899$$1G:(DE-HGF)POF2-890$$2G:(DE-HGF)POF2-800$$3G:(DE-HGF)POF2$$4G:(DE-HGF)POF$$aDE-HGF$$bProgrammungebundene Forschung$$lohne Programm$$vohne Topic$$x0
000050505 915__ $$0StatID:(DE-HGF)0010$$2StatID$$aJCR/ISI refereed
000050505 915__ $$0StatID:(DE-HGF)0100$$2StatID$$aJCR
000050505 915__ $$0StatID:(DE-HGF)0110$$2StatID$$aWoS$$bScience Citation Index
000050505 915__ $$0StatID:(DE-HGF)0111$$2StatID$$aWoS$$bScience Citation Index Expanded
000050505 915__ $$0StatID:(DE-HGF)0150$$2StatID$$aDBCoverage$$bWeb of Science Core Collection
000050505 915__ $$0StatID:(DE-HGF)0199$$2StatID$$aDBCoverage$$bThomson Reuters Master Journal List
000050505 915__ $$0StatID:(DE-HGF)0200$$2StatID$$aDBCoverage$$bSCOPUS
000050505 915__ $$0StatID:(DE-HGF)0300$$2StatID$$aDBCoverage$$bMedline
000050505 915__ $$0StatID:(DE-HGF)1030$$2StatID$$aDBCoverage$$bCurrent Contents - Life Sciences
000050505 915__ $$0StatID:(DE-HGF)1150$$2StatID$$aDBCoverage$$bCurrent Contents - Physical, Chemical and Earth Sciences
000050505 920__ $$lyes
000050505 9201_ $$0I:(DE-Ds200)ACO-20051214OR053$$kACO$$lControl Systems$$x0
000050505 980__ $$ajournal
000050505 980__ $$aVDB
000050505 980__ $$aI:(DE-Ds200)20121009OR053
000050505 980__ $$aI:(DE-Ds200)ACO-20051214OR053
000050505 980__ $$aUNRESTRICTED